| 000 | 00734 a2200157 4500 | ||
|---|---|---|---|
| 003 | NUST | ||
| 005 | 20221207154440.0 | ||
| 040 | _cNust | ||
| 082 | _a297,GIL | ||
| 100 |
_aGilani, Syed Asad _9104369 |
||
| 245 |
_aHow to be a true muslim / _cSyed Asad Gilani |
||
| 260 |
_aLahore _bFerozons Pvt Lid _c1987 |
||
| 300 | _av; 140 p.: | ||
| 505 | _aTrue Muslim (Page-1), What Is Islam (Page-15), Islamic Characteristics (Page-27), Glimpses Of The Doomsday (Page-41), Imagination Of The Hereafter (Page-49), Concern For The Hereafter (Page-67), Times Of A True Muslim (Page-89), Self Purification (Page-97), Display Of Servitude (Page-107), Service Obligations (Page-123), Reward Of Good Service (Page-131). | ||
| 942 |
_2ddc _cBK _k297,GIL |
||
| 999 |
_c193651 _d193651 |
||